000 00613nam a22001811cc4500
001 a987674692+BandVI
035 _aa987674692
008 170707s1995 gw |||| 000u ger d
020 _a3764619406
_93-7646-1940-6
245 0 4 _aDie Wehrmacht im Dritten Reich
_nBand VI
_p19. Dezember 1941 bis 9. Mai 1945
264 _aBoppard am Rhein :
_bBoldt,
_c1995
300 _aXXVII, 937 S
246 1 2 _aDie Wehrmacht im Dritten Reich : Aufbau, Gliederung, Recht, Verwaltung. 19. Dezember 1941 bis 9. Mai 1945
_nBand VI
773 0 8 _wa987674692
_qBandVI
942 _cMG
040 _cRU-10907106
003 RU-10907106
999 _c45005
_d45005